An interoduction to the science of phoetics : (Record no. 1466805)

MARC details
000 -LEADER
fixed length control field 00609nam a22002177a 4500
005 - DATE AND TIME OF LATEST TRANSACTION
control field 20260115165602.0
008 - FIXED-LENGTH DATA ELEMENTS--GENERAL INFORMATION
fixed length control field 260102b |||||||| |||| 00| 0 eng d
020 ## - INTERNATIONAL STANDARD BOOK NUMBER
International Standard Book Number 0805838686
040 ## - CATALOGING SOURCE
Original cataloging agency LNDL
Transcribing agency LNDL
041 ## - LANGUAGE CODE
Language code of text/sound track or separate title Eng
100 ## - MAIN ENTRY--PERSONAL NAME
Personal name Hewlett , Nigel
9 (RLIN) 861280
245 ## - TITLE STATEMENT
Title An interoduction to the science of phoetics :
260 ## - PUBLICATION, DISTRIBUTION, ETC.
Place of publication, distribution, etc. London :
Name of publisher, distributor, etc. Lawrence erlbaum Associates ,
Date of publication, distribution, etc. 2006 .
300 ## - PHYSICAL DESCRIPTION
Extent 361p.
650 ## - SUBJECT ADDED ENTRY--TOPICAL TERM
Topical term or geographic name entry element Phonetic
9 (RLIN) 861281
650 ## - SUBJECT ADDED ENTRY--TOPICAL TERM
Topical term or geographic name entry element Beck
9 (RLIN) 861282
650 ## - SUBJECT ADDED ENTRY--TOPICAL TERM
Topical term or geographic name entry element Mackenzie
9 (RLIN) 861283
700 ## - ADDED ENTRY--PERSONAL NAME
Personal name Beck , Janet
9 (RLIN) 861284
942 ## - ADDED ENTRY ELEMENTS (KOHA)
Source of classification or shelving scheme Colon Classification (CC)
Koha item type General Books
Suppress in OPAC No
Holdings
Withdrawn status Lost status Source of classification or shelving scheme Damaged status Not for loan Home library Current library Date acquired Total Checkouts Barcode Date last seen Price effective from Koha item type
    Colon Classification (CC)     Department of Linguistics Library Department of Linguistics Library 2026-01-02   LD1969614 2026-01-02 2026-01-02 General Books
Copyright @ Delhi University Library System